[Event "GER-chT North U16"]
[Site "Syke"]
[Date "2004.09.17"]
[Round "4.2"]
[White "Voelschow, Toni Eleonore"]
[Black "Kim, Oi Sin"]
[Result "0-1"]
[WhiteElo "1725"]
[BlackElo "1911"]
[PlyCount "107"]
[EventDate "2004.09.16"]
[EventType "team-swiss"]
[EventRounds "7"]
[EventCountry "GER"]
[SourceTitle "EXT 2006"]
[Source "ChessBase"]
[SourceDate "2005.11.24"]
[SourceVersion "1"]
[SourceVersionDate "2005.11.24"]
[SourceQuality "1"]

1. e4 e5 2. Nf3 Nc6 3. Bc4 Bc5 4. c3 Nf6 5. b4 Bb6 6. d3 d6 7. a4 a5 8. b5 Ne7 9. Qb3 0-0 10. h3 Ng6 11. 0-0 Qe7 12. Nbd2 Nf4 13. Bb2 N6h5 14. Kh2 g5 15. d4 g4 16. hxg4 Bxg4 17. g3 Bxf3 18. Nxf3 Qd7 19. Ng1 Ng6 20. Be2 Nf6 21. Bf3 Rfe8 22. Qc2 h5 23. Nh3 Kg7 24. Qe2 Rh8 25. Kg2 Rae8 26. Rae1 Qe6 27. d5 Qe7 28. Bc1 Qd7 29. Rh1 c6 30. c4 cxd5 31. cxd5 Rc8 32. Bd2 Rc2 33. Bh6+ Kxh6 34. Qxc2 Bc5 35. Rc1 Ng4 36. Qd2+ Kg7 37. Qxa5 h4 38. Rxc5 dxc5 39. Qc3 b6 40. Ng5 Ra8 41. Qb3 Nf6 42. gxh4 Nf4+ 43. Kf1 Qa7 44. Bd1 Qa5 45. Rg1 Kf8 46. d6 Ra7 47. Qg3 Ke8 48. Nh7 Nxh7 49. Qg8+ Nf8 50. Rg5 Qd2 51. Rxe5+ N4e6 52. Bh5 Qxd6 53. Rd5 Qh2 54. Bg4 0-1

[Event "GER-chT North U16"]
[Site "Syke"]
[Date "2004.09.16"]
[Round "1.2"]
[White "Salenko, Vadim"]
[Black "Voelschow, Toni Eleonore"]
[Result "1-0"]
[WhiteElo "1786"]
[BlackElo "1725"]
[PlyCount "59"]
[EventDate "2004.09.16"]
[EventType "team-swiss"]
[EventRounds "7"]
[EventCountry "GER"]
[SourceTitle "EXT 2006"]
[Source "ChessBase"]
[SourceDate "2005.11.24"]
[SourceVersion "1"]
[SourceVersionDate "2005.11.24"]
[SourceQuality "1"]

1. d4 d5 2. Nf3 Nf6 3. e3 e6 4. Bd3 Nbd7 5. Nbd2 c5 6. c3 Be7 7. 0-0 Qc7 8. Qe2 0-0 9. e4 dxe4 10. Nxe4 cxd4 11. cxd4 Nb6 12. Bg5 Nbd5 13. Rac1 Qd8 14. Bxf6 Nxf6 15. Qc2 h6 16. Qc7 Nd5 17. Qg3 b6 18. Ne5 Bb7 19. f4 Nb4 20. Qe3 Nxa2 21. Ra1 Nb4 22. f5 Nxd3 23. Qxd3 Qd5 24. f6 gxf6 25. Qg3+ Kh7 26. Nxf6+ Bxf6 27. Rxf6 Qxd4+ 28. Kh1 Be4 29. Raf1 Rg8 30. Rxh6+ 1-0

[Event "Mecklenburg VP-ch U16 Girls"]
[Site "Greifswald"]
[Date "2004.02.08"]
[Round "3"]
[White "Neumann, Nicole"]
[Black "Voelschow, Toni Eleonore"]
[Result "1-0"]
[WhiteElo "1194"]
[BlackElo "1596"]
[PlyCount "83"]
[EventDate "2004.04.??"]
[EventType "tourn"]
[EventRounds "7"]
[EventCountry "GER"]
[SourceTitle "EXT 2005"]
[Source "ChessBase"]
[SourceDate "2004.11.15"]
[SourceVersion "1"]
[SourceVersionDate "2004.11.15"]
[SourceQuality "1"]

1. e4 c5 2. Nf3 d6 3. d4 cxd4 4. Nxd4 Nf6 5. Nc3 a6 6. Bg5 Qc7 7. Qd2 Nbd7 8. 0-0-0 e6 9. f3 Be7 10. g4 Ne5 11. Be2 Bd7 12. Rdg1 b5 13. Bxf6 Bxf6 14. g5 Be7 15. a3 Qb6 16. f4 Nc6 17. Nxc6 Bxc6 18. Bf3 b4 19. axb4 Qxb4 20. h4 Rb8 21. Nd1 Bxe4 22. Bxe4 Qxe4 23. b3 Qc6 24. Qd4 Rg8 25. Rh3 Qb6 26. Qa4+ Qb5 27. Qe4 g6 28. h5 Kd7 29. Nc3 Qb4 30. Qd3 Qxf4+ 31. Kb1 Rb6 32. Rf3 Qe5 33. Rxf7 Rg7 34. hxg6 hxg6 35. Na4 Rc6 36. Rxg7 Qxg7 37. Qe3 e5 38. Nb6+ Ke6 39. Qh3+ Kf7 40. Rf1+ Kg8 41. Nd5 Bd8 42. Qe6+ 1-0